000 01040nas a2200325 4500
001 BR2015002476
003 BR-BrBNA
005 20231205125244.0
007 ta
008 230509b bl.|||p| |||| 00| 00por d
040 _aBR-BrBNA
_bpor
_cBiblioteca Nacional de Agricultura
041 _a(En)
072 _aQ80;
100 1 _aSánchez, L.C.A.
100 1 _aReal, C.P.V.
100 1 _aPerez, Y.B.
110 1 _a
245 1 _aEffect of an edible crosslinked coating and two types of packaging on antioxidant capacity of castilla blackberries
650 _aAMORA
650 _aEMBALAGEM
650 _aACONDICIONAMENTO
650 _aPRESERVACAO DE ALIMENTO
650 _aVIDA-DE-PRATELEIRA
650 _aANALISE QUIMICA
650 _aPROPRIEDADE FISICO-QUIMICA
773 0 _tCiência e Tecnologia de Alimentos (Brazil)
_xISSN 1678-457X
_g(Apr-Jun 2014), v. 34(2) p. 281-286
_wBR2015002476
856 4 0 _uhttp://www.scielo.br/pdf/cta/v34n2/09.pdf
909 _a202311
_bLúcia
_c55
_dLúcia Elande
942 _2AGRIS
_n0
_cANA
999 _c243473
_d243473